LEADER 01197cam0-22003251i-450- 001 990005007800403321 005 20131211102105.0 035 $a000500780 035 $aFED01000500780 035 $a(Aleph)000500780FED01 035 $a000500780 100 $a19990604d1973----km-y0itay50------ba 101 0 $aita 102 $aIT 105 $a---------001yy 200 1 $aSul pensiero storico romano nell'ultimo secolo della repubblica e nel primo dell'impero$eanno accademico 1972-73$fdocumenti critici e testi raccolti da Vincenzo Ussani jr 210 $aRoma$cELIA$d[1973] 215 $a590 p.$d25 cm 300 $aIn testa al front.: Università di Roma, Facoltà di magistero 610 0 $aStoriografia latina$aSec. 1. a. C. - 1. 676 $a907.2$v21$zita 700 1$aUssani,$bVincenzo$f<1870-1952>$0186203 801 0$aIT$bUNINA$gRICA$2UNIMARC 901 $aBK 912 $a990005007800403321 952 $aP2B-310-USSANI V.-1973$bIst.Fil.cl. 6715$fFLFBC$m10-34902 952 $aP2B-310-USSANI V.-1973 bis$bs. i.$fFLFBC$mBRAU-25057 959 $aFLFBC 996 $aSul pensiero storico romano nell'ultimo secolo della repubblica e nel primo dell'impero$9529832 997 $aUNINA LEADER 01238nam2 22003253i 450 001 PUV0706161 005 20231121125618.0 010 $a9185092177 100 $a20161102d1980 ||||0itac50 ba 101 | $aswe 102 $ase 181 1$6z01$ai $bxxxe 182 1$6z01$an 200 1 $a˜2.1: œText$funter Leitung von Jan-Olof Tjader$gherausgegeben von Monica Hedlund 210 $aStockholm, Sweden$cAlmqvist & Wiksell international$d1980 215 $a74 p.$d31 cm. 225 | $aBibliotheka Ekmaniana$v68.1 410 0$1001PUV0601721$12001 $aBibliotheka Ekmaniana$v68.1 462 1$1001PUV0706152$12001 $a˜2: Die œHandschriften Schwedens ausgenommen UB Uppsala$v1 702 1$aHedlund$b, Monica$3BVEV004209 702 1$aTjäder$b, Jan-Olof$3CFIV042388 801 3$aIT$bIT-01$c20161102 850 $aIT-RM0313 $aIT-FR0017 899 $aBIBLIOTECA CASANATENSE$bRM0313 899 $aBiblioteca umanistica Giorgio Aprea$bFR0017 $eN 912 $aPUV0706161 950 2$aBiblioteca umanistica Giorgio Aprea$d 52SALA BRAGAS.S.L. 190.2 (I)$e 52ATE0000006025 VMB RS $fA $h20161102$i20161102 977 $a 07$a 52 996 $aText$9649997 997 $aUNICAS